Architecture in a climate of change (Record no. 106101)

MARC details
000 -LEADER
fixed length control field 01753cam a2200241 4500
001 - CONTROL NUMBER
control field ##L135581
008 - FIXED-LENGTH DATA ELEMENTS--GENERAL INFORMATION
fixed length control field 061110n2006 000 0 eng u
020 ## - INTERNATIONAL STANDARD BOOK NUMBER
International Standard Book Number 0750665440
035 ## - SYSTEM CONTROL NUMBER
System control number (Sirsi) u135581
041 0# - LANGUAGE CODE
Language code of text/sound track or separate title eng
050 0# - LIBRARY OF CONGRESS CALL NUMBER
Classification number 711.1 $2 18
100 1# - MAIN ENTRY--PERSONAL NAME
Personal name Smith, Peter F.
245 00 - TITLE STATEMENT
Title Architecture in a climate of change
Remainder of title a guide to sustainable design
250 ## - EDITION STATEMENT
Edition statement 2nd ed.
260 ## - PUBLICATION, DISTRIBUTION, ETC.
Place of publication, distribution, etc. Oxford
Name of publisher, distributor, etc. Architectural Press
Date of publication, distribution, etc. 2006
300 ## - PHYSICAL DESCRIPTION
Extent i, 278p.
Other physical details ill.
Dimensions 25cm.
505 1# - FORMATTED CONTENTS NOTE
Formatted contents note Climate change-nature or human nature? -- Predictions -- Renewable technologies: the marine environment -- Renewable technologies: the wider spectrum -- Low energy techniques -- Insulation -- Domestic energy -- Advanced and ultra-low energy houses -- Harvesting wind and water -- Existing housing: a challenge and opportunity -- Low energy techniques for non-domestic buildings -- Ventilation -- Energy options -- Lighting: designing for daylight -- Lighting: and human failings -- Cautionary notes -- Life-cycle assesment and recycling -- State of the art case studies -- Integrated district environmental design -- An American perspective -- Emergent technologies and future prospects
520 ## - SUMMARY, ETC.
Summary, etc. Seeks to set out reasons why long-established practices should be replaced by arguing that there is convincing evidence that climate changes now under way are primarily due to human activity in releasing carbon dioxide (CO2) into the atmosphere. Promotes a creative partnership between the professions to produce buildings which achieve optimum conditions for their inhabitants whilst making minimum demands on fossil-based energy.
590 ## - LOCAL NOTE (RLIN)
Local note IKA141106
651 #4 - SUBJECT ADDED ENTRY--GEOGRAPHIC NAME
Geographic name United Kingdom
Chronological subdivision
690 ## - LOCAL SUBJECT ADDED ENTRY--TOPICAL TERM (OCLC, RLIN)
Topical term or geographic name as entry element BUILT ENVIRONMENT-SUSTAINABLE CONSTRUCTION
942 ## - ADDED ENTRY ELEMENTS (KOHA)
Suppress in OPAC 0
Holdings
Withdrawn status Lost status Source of classification or shelving scheme Damaged status Not for loan Home library Current library Shelving location Date acquired Total Checkouts Full call number Barcode Date last seen Date last checked out Copy number Price effective from Koha item type
    Dewey Decimal Classification     London London Missing 10/11/2006 7 L135581 30073426 06/08/2019 03/03/2008 1 06/08/2019 Book